| 000 | 00419cam a2200169ua 4500 | ||
|---|---|---|---|
| 020 | _c395.00 | ||
| 041 |
_aeng _h |
||
| 082 |
_a535.2 _bSHA/OP |
||
| 100 | _aSharma, K.K . | ||
| 245 |
_aOptics: Principles and applications / _cK.K Sharma. _hTextual Documents |
||
| 260 |
_aNew York : _bAcademic Press , _c2006. |
||
| 300 | _a637 ; . | ||
| 365 | _a395.00 | ||
| 504 | _a | ||
| 942 | _cBK | ||
| 999 |
_c13137 _d13137 |
||